Leadership: Research findings, practice and skills (Record no. 102380)

MARC details
000 -LEADER
fixed length control field 00385nam a2200145Ia 4500
008 - FIXED-LENGTH DATA ELEMENTS--GENERAL INFORMATION
fixed length control field 230917s9999||||xx |||||||||||||| ||und||
040 ## - CATALOGING SOURCE
-- 76267
Original cataloging agency VIVEKANANDA LIBRARY
041 ## - Language
-- English
082 ## - DDC NUMBER
Classification number 658.4092 D853L
100 ## - MAIN ENTRY--PERSONAL NAME
Personal name Dubrin, Andrew J
245 #0 - TITLE STATEMENT
Title Leadership: Research findings, practice and skills
260 ## - PUBLICATION, DISTRIBUTION, ETC. (IMPRINT)
Place of publication, distribution, etc Boston
Name of publisher, distributor, etc Houghton Miffin
Date of publication, distribution, etc 1998
300 ## - PHYSICAL DESCRIPTION
Pages xx, 389 p.
942 ## - ADDED ENTRY ELEMENTS (KOHA)
Koha item type Books
Holdings
Withdrawn status Lost status Damaged status Not for loan Location (home branch) Sublocation or collection (holding branch) Shelving location Date acquired Koha issues (times borrowed) Koha full call number Accession No. Koha date last seen Koha item type Source of classification or shelving scheme
        VIVEKANANDA LIBRARY VIVEKANANDA LIBRARY IMSAR Library 27/02/2003 1 658.4092 D853L 186362 13/02/2025 Books  
Withdrawn   Damaged   VIVEKANANDA LIBRARY VIVEKANANDA LIBRARY IMSAR Library 27/02/2003   658.4092 D853L 190638 17/09/2023 Books Dewey Decimal Classification
© Designed and Maintained by Vivekananda Library, MDU Rohtak